[Event "Copenhagen Ch "]
[Site "Copenhagen"]
[Date "2001.02.10"]
[Round "3.4"]
[White "Brinck Claussen, Bjorn"]
[Black "El Kher, Henrik"]
[Result "1/2-1/2"]
[WhiteElo "2359"]
[BlackElo "2372"]
[PlyCount "90"]
[EventDate "2001.??.??"]
[EventType "k.o."]
[EventCountry "DEN"]

{25 min + 10. sec.} 1. e4 c5 2. Nf3 Nc6 3. d4 cxd4 4. Nxd4 Nf6 5. Nc3 e5 6.
Ndb5 d6 7. Bg5 a6 8. Na3 b5 9. Nd5 Be7 10. Bxf6 Bxf6 11. c3 Bg5 12. Nc2 Rb8 13.
Bd3 O-O 14. O-O a5 15. a3 Ne7 16. Nce3 Bxe3 17. Nxe3 Be6 18. b4 Qb6 19. Rb1
axb4 20. axb4 Rfd8 21. Qe2 g6 22. Ra1 Qc6 23. Rfc1 d5 24. Ng4 Qd6 25. Nf6+ Kg7
26. Nxd5 Bxd5 27. exd5 Nxd5 28. Bxb5 Nf4 29. Qf1 Qb6 30. g3 Qxb5 31. Qxb5 Rxb5
32. gxf4 exf4 33. Ra5 Rxa5 34. bxa5 Ra8 35. Ra1 Ra6 36. Kf1 f3 37. Ke1 g5 38.
Kd2 Kg6 39. Ke3 g4 40. h3 f5 41. Kf4 gxh3 42. Kxf3 f4 43. Kxf4 h2 44. Rh1 Rxa5
45. Rxh2 Ra3 1/2-1/2